[Event "Korbach Goldflair op 1st"]
[Site "Korbach"]
[Date "2013.05.05"]
[Round "4"]
[White "Renk, Cornelius"]
[Black "Verhoef, Pieter"]
[Result "0-1"]
[WhiteElo "1802"]
[BlackElo "1800"]
[PlyCount "55"]
[EventDate "2013.05.03"]
[EventType "swiss"]
[EventRounds "5"]
[EventCountry "GER"]
[SourceTitle "CBM 154 Extra"]
[Source "ChessBase"]
[SourceDate "2013.06.25"]
[SourceVersion "2"]
[SourceVersionDate "2013.06.25"]
[SourceQuality "1"]

1. d4 Nf6 2. c4 e6 3. Nc3 Bb4 4. Qc2 Nc6 5. Nf3 d6 6. Bg5 h6 7. Bh4 g5 8. Nxg5 hxg5 9. Bxg5 Rg8 10. h4 Nxd4 11. Qd2 e5 12. 0-0-0 Ne6 13. Qd3 Bxc3 14. bxc3 Nxg5 15. hxg5 Nd7 16. f4 exf4 17. e3 Nc5 18. Qe2 Qe7 19. exf4 Qxe2 20. Bxe2 Bf5 21. g4 Be4 22. g6 Bxh1 23. gxf7+ Kxf7 24. Rxh1 Rh8 25. Rg1 Rae8 26. Kd1 Rh2 27. Bf3 Kg7 28. Rg2 0-1

[Event "Korbach Goldflair op 1st"]
[Site "Korbach"]
[Date "2013.05.04"]
[Round "3"]
[White "Verhoef, Ruud"]
[Black "Renk, Cornelius"]
[Result "1/2-1/2"]
[WhiteElo "1954"]
[BlackElo "1802"]
[PlyCount "59"]
[EventDate "2013.05.03"]
[EventType "swiss"]
[EventRounds "5"]
[EventCountry "GER"]
[SourceTitle "CBM 154 Extra"]
[Source "ChessBase"]
[SourceDate "2013.06.25"]
[SourceVersion "2"]
[SourceVersionDate "2013.06.25"]
[SourceQuality "1"]

1. e4 d6 2. d4 e5 3. Nf3 exd4 4. Nxd4 Nf6 5. Nc3 Be7 6. h3 0-0 7. Be3 Re8 8. Qd2 Bf8 9. Bd3 Nbd7 10. 0-0-0 Nc5 11. f3 Nxd3+ 12. Qxd3 a6 13. Bg5 c5 14. Nde2 Be6 15. Nf4 Qa5 16. Bxf6 gxf6 17. Nfd5 Bxd5 18. Qxd5 b5 19. Kb1 b4 20. Ne2 Rac8 21. Ng3 Re5 22. Qc4 Rg5 23. Nf5 Rxg2 24. Qf1 Rg6 25. h4 h5 26. Rg1 c4 27. Rd5 Qb6 28. Rg2 Kh7 29. Qe2 Rc5 30. Rd1 1/2-1/2

[Event "Kaiserbrunnen Winter op"]
[Site "Brakel"]
[Date "2013.01.21"]
[Round "4"]
[White "Grasmik, Waldemar"]
[Black "Renk, Cornelius"]
[Result "0-1"]
[WhiteElo "1619"]
[BlackElo "1837"]
[PlyCount "82"]
[EventDate "2013.01.21"]
[EventType "swiss"]
[EventRounds "5"]
[EventCountry "GER"]
[SourceTitle "EXT 2023"]
[Source "ChessBase"]
[SourceDate "2022.10.05"]
[SourceVersion "1"]
[SourceVersionDate "2022.10.05"]
[SourceQuality "1"]

1. d4 c6 2. Nc3 d5 3. a3 Nf6 4. g3 Bf5 5. h4 e6 6. Bh3 Bxh3 7. Nxh3 Bd6 8. Bg5 Nbd7 9. e3 Qc7 10. f4 Ne4 11. Nxe4 dxe4 12. h5 f6 13. Bh4 Qa5+ 14. c3 Qb5 15. Qc2 Qxh5 16. Qxe4 0-0-0 17. Nf2 Qd5 18. Qd3 Qf3 19. Rf1 Bc7 20. Ne4 Qg4 21. b4 g5 22. fxg5 fxg5 23. Bxg5 Bxg3+ 24. Kd2 Ne5 25. Qb1 Nf3+ 26. Kc1 Nxg5 27. Nf6 Qe2 28. Rd1 Qxe3+ 29. Kb2 Qf2+ 30. Kb3 Qxf6 31. Qd3 Qf3 32. Qc4 Qd5 33. Rg1 Ne4 34. Rg2 Nc5+ 35. bxc5 Qxg2 36. Qxe6+ Kb8 37. Qf6 Qd5+ 38. Kb4 a5+ 39. Kxa5 Qc4 40. Rb1 Qa6+ 41. Kb4 Qb5# 0-1

[Event "Dortmund op"]
[Site "Dortmund"]
[Date "2009.07.11"]
[Round "8"]
[White "Renk, Cornelius"]
[Black "Kuesgen, Dirk"]
[Result "0-1"]
[WhiteElo "1931"]
[BlackElo "1926"]
[PlyCount "60"]
[EventDate "2009.07.04"]
[EventType "swiss"]
[EventRounds "9"]
[EventCountry "GER"]
[SourceTitle "CBM 131 Extra"]
[Source "ChessBase"]
[SourceDate "2009.09.03"]
[SourceVersion "2"]
[SourceVersionDate "2009.09.16"]
[SourceQuality "1"]

1. d4 f5 2. Nf3 Nf6 3. g3 e6 4. c4 Be7 5. Bg2 0-0 6. 0-0 d6 7. Nc3 Ne4 8. d5 Nxc3 9. bxc3 e5 10. e3 Nd7 11. Ba3 b6 12. Bb2 a5 13. a4 Ba6 14. Nd2 Qe8 15. f4 Qg6 16. Qe2 Rae8 17. e4 exf4 18. exf5 Qh6 19. Qe6+ Qxe6 20. dxe6 Ne5 21. Rxf4 Nd3 22. Ba3 Nxf4 23. gxf4 Rxf5 24. Rf1 Ref8 25. Bd5 Rxf4 26. Rxf4 Rxf4 27. Kg2 Bc8 28. Kg3 Rf6 29. Nf3 Bxe6 30. Nd4 Bxd5 0-1

[Event "Dortmund op"]
[Site "Dortmund"]
[Date "2009.07.07"]
[Round "4"]
[White "Renk, Cornelius"]
[Black "Gessinger, Winfried"]
[Result "0-1"]
[WhiteElo "1931"]
[BlackElo "1859"]
[PlyCount "66"]
[EventDate "2009.07.04"]
[EventType "swiss"]
[EventRounds "9"]
[EventCountry "GER"]
[SourceTitle "CBM 131 Extra"]
[Source "ChessBase"]
[SourceDate "2009.09.03"]
[SourceVersion "2"]
[SourceVersionDate "2009.09.16"]
[SourceQuality "1"]

1. d4 Nf6 2. Nf3 g6 3. g3 Bg7 4. Bg2 0-0 5. 0-0 d6 6. Re1 Nbd7 7. e4 c5 8. c3 cxd4 9. cxd4 Rb8 10. Nc3 b5 11. e5 dxe5 12. dxe5 Ng4 13. Bf4 Qb6 14. Qd2 Bb7 15. Re3 Bxf3 16. Bxf3 Nxe3 17. Bxe3 Nxe5 18. Bg2 Qa5 19. Nd5 Qxd2 20. Nxe7+ Kh8 21. Bxd2 Nc4 22. Bf4 Rbe8 23. Nc6 Re2 24. Nxa7 Rxb2 25. Rc1 Ne5 26. Rd1 b4 27. Bd5 Ng4 28. Nc6 Nxf2 29. Rf1 Nh3+ 30. Kh1 Nxf4 31. Rxf4 Re8 32. Rf1 Ree2 33. Bxf7 Rxh2+ 0-1

[Event "Dortmund op"]
[Site "Dortmund"]
[Date "2009.07.05"]
[Round "2"]
[White "Renk, Cornelius"]
[Black "Virnyi, Julius"]
[Result "0-1"]
[WhiteElo "1931"]
[BlackElo "2084"]
[PlyCount "70"]
[EventDate "2009.07.04"]
[EventType "swiss"]
[EventRounds "9"]
[EventCountry "GER"]
[SourceTitle "CBM 131 Extra"]
[Source "ChessBase"]
[SourceDate "2009.09.03"]
[SourceVersion "2"]
[SourceVersionDate "2009.09.16"]
[SourceQuality "1"]

1. d4 Nf6 2. Nf3 g6 3. g3 Bg7 4. Bg2 0-0 5. 0-0 d6 6. Re1 Nbd7 7. e4 e5 8. c3 Re8 9. Nbd2 a5 10. a4 b6 11. b3 Bb7 12. Bb2 exd4 13. cxd4 Nxe4 14. Nxe4 Rxe4 15. Qc2 Nf6 16. Rxe4 Bxe4 17. Qc4 Bd5 18. Qc2 Rc8 19. Re1 Qd7 20. h4 Qc6 21. Qd3 Re8 22. Rc1 Qb7 23. Qc3 Re2 24. Re1 Bxf3 25. Rxe2 Bxg2 26. Re3 Qc6 27. Qe1 Bd5 28. Bc1 h5 29. g4 Nxg4 30. Re8+ Kh7 31. Re7 Bf6 32. Re8 Bh1 33. d5 Qxd5 34. f3 Qxf3 35. Qe2 Bd4+ 0-1

[Event "Dortmund Sparkassen op-A"]
[Site "Dortmund"]
[Date "2006.08.01"]
[Round "4"]
[White "Holtmannspoetter, Thomas"]
[Black "Renk, Cornelius"]
[Result "1-0"]
[WhiteElo "1719"]
[BlackElo "1946"]
[PlyCount "69"]
[EventDate "2006.07.28"]
[EventType "swiss"]
[EventRounds "9"]
[EventCountry "GER"]
[SourceTitle "CBM 113 Extra"]
[Source "ChessBase"]
[SourceDate "2006.09.14"]
[SourceVersion "1"]
[SourceVersionDate "2006.09.14"]
[SourceQuality "1"]

1. e4 c6 2. d4 d5 3. Nc3 dxe4 4. Nxe4 Bf5 5. Ng3 Bg6 6. Nf3 Nd7 7. Bd3 e6 8. 0-0 Qc7 9. Re1 0-0-0 10. Be3 Bxd3 11. Qxd3 h5 12. a3 h4 13. Ne4 f6 14. b4 g5 15. b5 g4 16. Nfd2 Be7 17. bxc6 Qxc6 18. c4 f5 19. Ng5 h3 20. d5 Qd6 21. Nf7 Qa6 22. Nxh8 Bf6 23. Rab1 Bxh8 24. Qb3 exd5 25. cxd5 Ne7 26. Rec1+ Kb8 27. Bg5 Re8 28. Bxe7 Rxe7 29. Qc2 Nb6 30. Qxf5 Re8 31. d6 g3 32. hxg3 Rd8 33. Qc5 Na8 34. d7 Qc6 35. Qxc6 1-0

[Event "Dortmund Sparkassen op-A"]
[Site "Dortmund"]
[Date "2006.07.30"]
[Round "3"]
[White "Renk, Cornelius"]
[Black "Kotainy, Jens"]
[Result "0-1"]
[WhiteElo "1946"]
[BlackElo "1790"]
[PlyCount "130"]
[EventDate "2006.07.28"]
[EventType "swiss"]
[EventRounds "9"]
[EventCountry "GER"]
[SourceTitle "CBM 113 Extra"]
[Source "ChessBase"]
[SourceDate "2006.09.14"]
[SourceVersion "1"]
[SourceVersionDate "2006.09.14"]
[SourceQuality "1"]

1. d4 Nf6 2. c4 e6 3. Nc3 Bb4 4. f3 d6 5. d5 0-0 6. a3 Bxc3+ 7. bxc3 h6 8. e4 Nbd7 9. Be3 b6 10. Nh3 Nc5 11. Nf2 Bd7 12. a4 e5 13. Nd3 a5 14. Nxc5 bxc5 15. Rb1 Qe8 16. Rb5 Bxb5 17. cxb5 Nd7 18. Bd3 Qe7 19. Qc2 Nb6 20. c4 Rae8 21. h4 f5 22. exf5 e4 23. fxe4 Rxf5 24. Kd1 Re5 25. Bd2 Rxe4 26. Bxe4 Qxe4 27. Qxe4 Rxe4 28. Bxa5 Rxc4 29. Kd2 Rxa4 30. Bxb6 cxb6 31. g3 Rd4+ 32. Kc3 Rxd5 33. Ra1 Kf7 34. Ra6 g5 35. Rxb6 gxh4 36. gxh4 Ke6 37. Rb7 Rh5 38. Rh7 Rxh4 39. b6 Rb4 40. b7 Kd5 41. Kc2 Kc6 42. Rxh6 Rxb7 43. Kc3 Rb4 44. Rg6 Rd4 45. Rh6 Re4 46. Kd3 Rg4 47. Kc3 Rd4 48. Rg6 Kb5 49. Rg8 Re4 50. Rb8+ Kc6 51. Rc8+ Kd5 52. Rh8 Re3+ 53. Kd2 Kd4 54. Rh4+ Re4 55. Rh3 c4 56. Rg3 d5 57. Rh3 Rg4 58. Rh2 c3+ 59. Kc2 Kc4 60. Rf2 d4 61. Rf8 d3+ 62. Kb1 Rg1+ 63. Ka2 d2 64. Rc8+ Kd3 65. Kb3 d1Q+ 0-1

[Event "Dortmund Sparkassen op-A"]
[Site "Dortmund"]
[Date "2006.07.28"]
[Round "2"]
[White "Wolkow, Michael"]
[Black "Renk, Cornelius"]
[Result "1-0"]
[WhiteElo "1766"]
[BlackElo "1946"]
[PlyCount "49"]
[EventDate "2006.07.28"]
[EventType "swiss"]
[EventRounds "9"]
[EventCountry "GER"]
[SourceTitle "CBM 113 Extra"]
[Source "ChessBase"]
[SourceDate "2006.09.14"]
[SourceVersion "1"]
[SourceVersionDate "2006.09.14"]
[SourceQuality "1"]

1. e4 c6 2. d4 d5 3. e5 Bf5 4. g4 Bg6 5. h4 h6 6. h5 Bh7 7. e6 fxe6 8. Bd3 Bxd3 9. Qxd3 Nf6 10. Qg6+ Kd7 11. Nf3 Kc8 12. Ne5 Qe8 13. Nf7 Rg8 14. f4 Kc7 15. g5 hxg5 16. fxg5 Nxh5 17. Rxh5 Nd7 18. Bf4+ Kb6 19. Rh3 a6 20. Qxe6 Rc8 21. Ne5 Nxe5 22. Bxe5 Ka7 23. Qxg8 e6 24. Qh7 Qf7 25. Nd2 1-0

[Event "VEM Suedwestfalen"]
[Site "Hachen"]
[Date "2005.05.12"]
[Round "6"]
[White "Michalik, Friedhelm"]
[Black "Renk, Cornelius"]
[Result "1-0"]
[WhiteElo "1996"]
[BlackElo "1547"]
[PlyCount "97"]
[EventDate "2005.05.09"]
[EventType "tourn"]
[EventRounds "7"]
[EventCountry "GER"]
[SourceTitle "EXT 2006"]
[Source "ChessBase"]
[SourceDate "2005.11.24"]
[SourceVersion "1"]
[SourceVersionDate "2005.11.24"]
[SourceQuality "1"]

1. Nf3 Nf6 2. g3 c6 3. Bg2 d5 4. 0-0 Bf5 5. d3 e6 6. Nbd2 Nbd7 7. c4 Bc5 8. Qc2 Qb6 9. Nb3 dxc4 10. Nxc5 Qxc5 11. Be3 Qe7 12. Qxc4 e5 13. Qb3 b6 14. Qc3 Rc8 15. Bg5 Nd5 16. Bxe7 Nxc3 17. bxc3 Kxe7 18. Nd2 Rhd8 19. a4 Nc5 20. Nc4 Nxd3 21. exd3 Bxd3 22. Nxe5 Bxf1 23. Kxf1 Rd6 24. Re1 Kf8 25. Re3 b5 26. a5 f6 27. Nd3 c5 28. Ke2 b4 29. cxb4 cxb4 30. Nxb4 Rc5 31. a6 Rb6 32. Nd3 Rc2+ 33. Kf3 Rc3 34. Nf4 Rxe3+ 35. Kxe3 Rxa6 36. Bd5 Ke7 37. f3 Kd6 38. Be4 Ra3+ 39. Kd4 a5 40. Kc4 Ra1 41. Bxh7 a4 42. Be4 a3 43. Kb3 Kc5 44. Ne6+ Kd6 45. Nxg7 Ke5 46. h4 Re1 47. Kxa3 Rxe4 48. fxe4 Kxe4 49. h5 1-0

[Event "VEM Suedwestfalen"]
[Site "Hachen"]
[Date "2005.05.11"]
[Round "4"]
[White "Renk, Cornelius"]
[Black "Schischke, Reinhard"]
[Result "0-1"]
[WhiteElo "1547"]
[BlackElo "2214"]
[PlyCount "68"]
[EventDate "2005.05.09"]
[EventType "tourn"]
[EventRounds "7"]
[EventCountry "GER"]
[SourceTitle "EXT 2006"]
[Source "ChessBase"]
[SourceDate "2005.11.24"]
[SourceVersion "1"]
[SourceVersionDate "2005.11.24"]
[SourceQuality "1"]

1. d4 Nf6 2. c4 e6 3. Nc3 c5 4. d5 exd5 5. cxd5 d6 6. e4 g6 7. Bd3 Bg7 8. Nge2 0-0 9. 0-0 Na6 10. a3 Nc7 11. Bg5 Qe8 12. Bf4 Qe7 13. Qc2 Nd7 14. Ng3 Ne5 15. Be2 h5 16. Rfd1 h4 17. Nf1 Bd7 18. Be3 h3 19. Bxc5 Qg5 20. g3 dxc5 21. f4 Qd8 22. fxe5 Bxe5 23. d6 Ne6 24. Nd5 Bxd6 25. Nf6+ Qxf6 26. Rxd6 Bc6 27. Qxc5 Qxf1+ 28. Rxf1 Nxc5 29. Bc4 Bxe4 30. Rff6 Kg7 31. Rf4 Bg2 32. b4 Ne6 33. Rg4 Rad8 34. Bxe6 Rxd6 0-1

[Event "VEM Suedwestfalen"]
[Site "Hachen"]
[Date "2005.05.09"]
[Round "1"]
[White "Schmuecker, Marcus"]
[Black "Renk, Cornelius"]
[Result "1-0"]
[WhiteElo "2179"]
[BlackElo "1547"]
[PlyCount "41"]
[EventDate "2005.05.09"]
[EventType "tourn"]
[EventRounds "7"]
[EventCountry "GER"]
[SourceTitle "EXT 2006"]
[Source "ChessBase"]
[SourceDate "2005.11.24"]
[SourceVersion "1"]
[SourceVersionDate "2005.11.24"]
[SourceQuality "1"]

1. d4 d5 2. Nf3 Nf6 3. Bf4 c6 4. e3 Nbd7 5. Nbd2 Nh5 6. Bg5 Nhf6 7. Bd3 e6 8. Ne5 Be7 9. f4 h6 10. Bh4 Nxe5 11. fxe5 Nd7 12. Bxe7 Qxe7 13. 0-0 Qg5 14. Rf4 Nxe5 15. dxe5 Qxe5 16. Qf3 0-0 17. Rf1 f5 18. h4 g5 19. hxg5 hxg5 20. Qg3 g4 21. Rxg4+ 1-0

[Event "Bahn-chGT"]
[Site "Winterberg"]
[Date "2004.09.28"]
[Round "3"]
[White "Dilcher, Hans Guenther"]
[Black "Renk, Cornelius"]
[Result "0-1"]
[WhiteElo "1291"]
[BlackElo "1551"]
[PlyCount "70"]
[EventDate "2004.09.26"]
[EventType "swiss"]
[EventRounds "7"]
[EventCountry "GER"]
[SourceTitle "EXT 2013"]
[Source "ChessBase"]
[SourceDate "2012.11.22"]
[SourceVersion "1"]
[SourceVersionDate "2012.11.22"]
[SourceQuality "1"]

1. e4 c6 2. d4 d5 3. Nc3 dxe4 4. Nxe4 Nf6 5. f3 Nxe4 6. fxe4 e5 7. Nf3 exd4 8. Qxd4 Qxd4 9. Nxd4 Bc5 10. Nb3 Bb6 11. Bd2 Be6 12. 0-0-0 Nd7 13. Bc3 f6 14. Kb1 0-0-0 15. Nd4 Ne5 16. Be2 Bf7 17. Nf5 Kc7 18. Rxd8 Rxd8 19. Rd1 Rxd1+ 20. Bxd1 g6 21. Bxe5+ fxe5 22. Nh6 Be6 23. Ng4 Kd6 24. Nf6 h5 25. Be2 Ke7 26. Nh7 Be3 27. h4 Bf2 28. Ng5 Bd7 29. Nf3 Bg4 30. Nxe5 Bxe2 31. Nxg6+ Kf6 32. Nf4 Bg4 33. Nd3 Bxh4 34. e5+ Ke6 35. Nf4+ Kf5 0-1